Dirty Dancing - Statistiques

Statistiques générales
  • Ce quiz a été pris 571 fois
  • Le résultat moyen est 8 sur 15
Statistiques - réponses
Questions Réponses % Correct
Quel est le métier du père de Bébé ? Médecin
91%
Quel est le vrai prénom de Bébé ? Frédérique
87%
Qui dit : "Tu peux retourner jouer à la poupée, Bébé" ? Penny
70%
De quel président est-il question dans le début du film ? Kennedy
64%
A quel âge Penny a-t-elle commencé à danser ? 16
63%
En quelle année se déroule l'histoire ? 1963
60%
A quel jeu joue Mr Pressman ? Poker
55%
Lors du spectacle de magie, quel cadeau reçoit Bébé ? Poule
49%
Qui est le père de l'enfant que porte Penny ? Robbie
49%
Quelle danse font Johnny et Bébé au Sheldrake ? Mambo
47%
Quel est le nom de la pension dans laquelle Bébé et sa famille vont passer leurs vacances ? Kellerman
42%
Termine la réplique : « Tu n’as pas besoin de courir le monde après ton destin comme un ... cheval sauvage
34%
Que dit Johnny à Jake quand il arrive pour la dernière soirée ? On ne laisse pas Bébé dans un coin
26%
Quelle danse Gilles souhaite-t-il pour le dernier spectacle ? Pachanga
20%
Qui est le cousin de Johnny ? Billy
16%
Aucun quiz correspondant
Distribution des résultats
% des personnes avec chaque résultat
Percentile par nombre de réponses
Votre historique - résultats
Vous n’avez pas pris ce quiz